| 000 | 01178nam0a22002531 4500 | ||
|---|---|---|---|
| 001 | rc\1079201 | ||
| 005 | 20041126173554.7 | ||
| 035 | _a(NLR Aleph) 006327705 | ||
| 090 |
_a7512324 _c7512324 |
||
| 100 | _a20041126d1983 u |0rusy50 ca | ||
| 101 | 0 | _arus | |
| 102 | _aRU | ||
| 105 | _aa ||||||||| | ||
| 200 | 1 |
_aСистемы контроля и управления на основе микроЭВМ _eСб. науч. тр. _fКуйбышев. политехн. ин-т им. В.В. Куйбышева, Поволж. террит. группа Нац. ком. СССР по автомат. управлению _g[Редкол.: В.С. Семенов (отв. ред.) и др.] |
|
| 210 |
_aКуйбышев _cКуйбышев. авиац. ин-т _d1983 |
||
| 215 |
_a123, 6 с. _cил. _d20 |
||
| 320 | _aБиблиогр. в конце ст. | ||
| 702 | 1 |
_aСеменов _bВ. С. _gВладимир Семенович _4340 |
|
| 712 | 0 | 2 |
_aКуйбышевский политехнический ин-т им. В.В.Куйбышева _3RU\NLR\AUTH\889933787 |
| 801 | 0 |
_aRU _bNLR _gpsbo |
|
| 801 | 1 |
_aRU _bELAR _2rusmarc |
|
| 852 |
_aNLR _j84-3/4432 |
||
| 942 | _cBOOK | ||
| 980 | _aNB | ||